Catálogo

El proceso de la investigación de tesis : (Registro nro. 64697)

Detalles MARC
000 -LEADER
fixed length control field 01148cam a2200313 i 4500
001 - CONTROL NUMBER
control field 64697
003 - CONTROL NUMBER IDENTIFIER
control field Mx-PuUPA
005 - DATE AND TIME OF LATEST TRANSACTION
control field 20230130105009.0
008 - FIXED-LENGTH DATA ELEMENTS--GENERAL INFORMATION
fixed length control field 160408s2006 mx d gr 000 | spa d
020 ## - INTERNATIONAL STANDARD BOOK NUMBER
International Standard Book Number 9709720120
040 ## - CATALOGING SOURCE
Original cataloging agency Mx-PuUPA
Language of cataloging spa
Transcribing agency Mx-PuUPA
Modifying agency Mx-PuUPA
Description conventions rda
041 0# - LANGUAGE CODE
Language code of text/sound track or separate title spa
100 1# - MAIN ENTRY--PERSONAL NAME
Personal name Sánchez Aviña, José Guadalupe,
Relator term autor
9 (RLIN) 13662
245 13 - TITLE STATEMENT
Title El proceso de la investigación de tesis :
Remainder of title un enfoque contextual /
Statement of responsibility, etc. José Guadalupe Sánchez Aviña
250 ## - EDITION STATEMENT
Edition statement Segunda edición
264 #1 - PRODUCTION, PUBLICATION, DISTRIBUTION, MANUFACTURE, AND COPYRIGHT NOTICE
Place of production, publication, distribution, manufacture Puebla, Pue. :
Name of producer, publisher, distributor, manufacturer Universidad Iberoamericana Puebla,
Date of production, publication, distribution, manufacture, or copyright notice 2006
300 ## - PHYSICAL DESCRIPTION
Extent 151 páginas ;
Dimensions 22 cm
336 ## - CONTENT TYPE
Content type term texto
Content type code txt
Fuente rdacontent
337 ## - MEDIA TYPE
Source rdamedia
Media type term sin medio
Media type code n
338 ## - CARRIER TYPE
Source rdacarrier
Carrier type term volumen
Carrier type code nc
545 ## - BIOGRAPHICAL OR HISTORICAL DATA
Biographical or historical data Reimpresión: (Primera, febrero,2009).
650 #7 - SUBJECT ADDED ENTRY--TOPICAL TERM
Source of heading or term armarc
Topical term or geographic name entry element Tesis académicas
650 #7 - SUBJECT ADDED ENTRY--TOPICAL TERM
Source of heading or term armarc
Topical term or geographic name entry element Investigación
General subdivision Metodología
650 #7 - SUBJECT ADDED ENTRY--TOPICAL TERM
Source of heading or term armarc
Topical term or geographic name entry element Investigación
General subdivision Estudio y enseñanza
942 ## - ADDED ENTRY ELEMENTS (KOHA)
Source of classification or shelving scheme Dewey Decimal Classification
Koha item type Libro
Classification part 808.066378072
Item part S194
Existencias
Withdrawn status Lost status Source of classification or shelving scheme Damaged status Not for loan Collection code Home library Current library Shelving location Date acquired Source of acquisition Total Checkouts Full call number Barcode Date last seen Price effective from Koha item type
    Dewey Decimal Classification     General Biblioteca Karol Wojtyla Biblioteca Karol Wojtyla Sala general 03/12/2013 Compra   808.066378072 S194 2006 49734 05/01/2026 03/12/2013 Libro